PHYSIOTHERAPY IN RESPIRATORY CARE : AN EVIDENCE BASED APPROACH TO RESPIRATORY AND CARDIAC MANAGEMENT (Record no. 8765)

MARC details
000 -LEADER
fixed length control field 00519nam a22001817a 4500
005 - DATE AND TIME OF LATEST TRANSACTION
control field 20250415131118.0
008 - FIXED-LENGTH DATA ELEMENTS--GENERAL INFORMATION
fixed length control field 250414b |||||||| |||| 00| 0 eng d
020 ## - INTERNATIONAL STANDARD BOOK NUMBER
ISBN 978-0-7487-4037-6
041 ## - LANGUAGE CODE
Language code of text/sound track or separate title eng
082 ## - DEWEY DECIMAL CLASSIFICATION NUMBER
Classification number 616.12HOU-P
100 ## - MAIN ENTRY--AUTHOR NAME
Personal name HOUGH, ALEXANDRA
245 ## - TITLE STATEMENT
Title PHYSIOTHERAPY IN RESPIRATORY CARE : AN EVIDENCE BASED APPROACH TO RESPIRATORY AND CARDIAC MANAGEMENT
250 ## - EDITION STATEMENT
Edition statement 3RD ED., 2001
260 ## - PUBLICATION, DISTRIBUTION, ETC. (IMPRINT)
Name of publisher NELSON THORNES
Year of publication 2001
300 ## - PHYSICAL DESCRIPTION
Number of Pages 550;P
650 ## - SUBJECT ADDED ENTRY--TOPICAL TERM
Topical Term PHYSIOTHERAPY
942 ## - ADDED ENTRY ELEMENTS (KOHA)
Koha item type Books
Holdings
Lost status Damaged status Collection code Home library Current library Shelving location Date acquired Source of acquisition Cost, normal purchase price Full call number Accession Number Koha item type
    Reference JRU Library JRU Library SHELF-8-B RB 14/04/2025 PURCHASE 12089.00 616.12 28749 Books